TV Show Commonalities II Quiz Stats

 Plays Quiz Updated May 16, 2019

Score 0/30 Timer 07:00
0 Plays Today
Show Actor/Actress % Correct
CheersTed Danson
70.2%
NewhartBob Newhart
67.2%
Full HouseJohn Stamos
63.1%
TaxiDanny DeVito
62.9%
T.J. HookerWilliam Shatner
61%
The X-FilesDavid Duchovny
58.2%
FriendsCourteney Cox
57.8%
Miami ViceDon Johnson
57.5%
DallasLarry Hagman
56.3%
CheersKirstie Alley
51.5%
Melrose PlaceHeather Locklear
50%
Married... with ChildrenKatey Sagal
49.5%
Ned and StaceyDebra Messing
35.4%
Everybody Loves RaymondPatricia Heaton
35.1%
Sports NightFelicity Huffman
33.6%
Show Actor/Actress % Correct
Malcolm in the MiddleBryan Cranston
33%
WingsTim Daly
32.3%
FireflyNathan Fillion
28.1%
The PracticeJames Spader
27.5%
The CommishMichael Chiklis
26.7%
Buffy the Vampire SlayerEliza Dushku
26.6%
Ally McBealPortia de Rossi
25.9%
Dawson's CreekChad Michael Murray
25.5%
Ally McBealJane Krakowski
22%
Charles in ChargeNicole Eggert
19%
Northern ExposureRob Morrow
18.5%
Sports NightPeter Krause
14.5%
Law & OrderJill Hennessy
13.6%
The PracticeCamryn Manheim
12.6%
FelicityScott Foley
10.4%

You're not logged in!

Compare scores with friends on all Sporcle quizzes.
OR
Log In

Sporcle TV

Today on Sporcle TV


Watch our educational content, quiz creation guides, and fun videos on Sporcle TV.

Show Comments

Extras

Top Quizzes Today


Score Distribution

Your Account Isn't Verified!

In order to create a playlist on Sporcle, you need to verify the email address you used during registration. Go to your Sporcle Settings to finish the process.

Report this User

Report this user for behavior that violates our Community Guidelines.

Details: